000 00575nam a22000977a 4500
008 190719b xxu||||| |||| 00| 0 eng d
010 _aHCMCF:120
245 _aHIGH COURT MISCELLANEOUS CAUSE 18 OF 2015 IN THE MATTER OF THE ESTATE OF KIGGUNDU JAMES APERSON OF UNSOUND MIND VS IN THE MATTER OF AN APPLICATION UNDER SECTION 2 OF THE ADMINISTRATION OF ESTATES OF PERSONS OF UNSOUND MIND ACT FOR THE APPOINTMENT OF A MANAGER OF THE SAID PERSON'S ESTATE BEFORE LADY JUSTICE PERCY NIGHT TUHAISE.
260 _bHIGH COURT KAMPALA
_c2015
500 _aBEFORE LADY JUSTICE PERCY NIGHT TUHAISE.
999 _c8728
_d8728